| 000 | 01133nam a22002537a 4500 | ||
|---|---|---|---|
| 003 | OSt | ||
| 005 | 20250924173131.0 | ||
| 008 | 240314b ||||| |||| 00| 0 eng d | ||
| 040 | _c0 | ||
| 082 | _aDPer 621.381 In821 August 2022 v. 37 n. 8 | ||
| 100 |
_aLong, Bo. _eauthor. _954664 |
||
| 245 |
_aPower losses reduction of t-type grid-connected converters based on tolerant sequential model predictive control / _cBo Long, Dawei Shen, Tianxu Cao, Jose Rodriguez, Cristian Garcia, Josep M. Guerrero, and Kil To Chong. |
||
| 260 |
_aNew York ; _bThe Institute of Electrical and Electronics Engineers, Inc. , _cAugust 2022. |
||
| 300 |
_aVolume 37, pages 9089-9103 : _billustration ; _c28 cm. |
||
| 500 | _aIEEE Transitions on Power Electronics, v. 37 n. 8, pages 9089-9103, August 2022. | ||
| 700 |
_aLong, Bo. _eauthor. _954664 |
||
| 700 |
_aShen, Dawei. _eauthor. _954665 |
||
| 700 |
_aCao, Tianxu. _eauthor. _954666 |
||
| 700 |
_aRodriguez, Jose. _eauthor. _954667 |
||
| 700 |
_aGarcia, Cristian. _eauthor. _954668 |
||
| 700 |
_aGuerrero, Josep M. _eauthor. _954669 |
||
| 700 |
_aChong, Kil To. _eauthor. _954670 |
||
| 942 |
_2ddc _cPER |
||
| 999 |
_c19678 _d19678 |
||